5HLuxD.jpg

KING HENRY VIII SENIOR AND PRIMARY SCHOOL LIBRARY OPAC

Chemistry for Cambridge International AS & A Level : (Record no. 3921)

000 -LEADER
fixed length control field 01423nam a22002297a 4500
003 - CONTROL NUMBER IDENTIFIER
control field OSt
005 - DATE AND TIME OF LATEST TRANSACTION
control field 20241120095711.0
008 - FIXED-LENGTH DATA ELEMENTS--GENERAL INFORMATION
fixed length control field 241120b ||||| |||| 00| 0 eng d
020 ## - INTERNATIONAL STANDARD BOOK NUMBER
International Standard Book Number 9781108863193
040 ## - CATALOGING SOURCE
Transcribing agency KH8
082 ## - DEWEY DECIMAL CLASSIFICATION NUMBER
Classification number 540 RYA
100 ## - MAIN ENTRY--PERSONAL NAME
Personal name Ryan, Lawrie,
Relator term author.
245 ## - TITLE STATEMENT
Title Chemistry for Cambridge International AS & A Level :
Remainder of title Coursebook /
Statement of responsibility, etc. Lawrie Ryan and Roger Norris.
260 ## - PUBLICATION, DISTRIBUTION, ETC.
Place of publication, distribution, etc. Cambridge ;
Name of publisher, distributor, etc. Cambridge University Press,
Date of publication, distribution, etc. 2020.
300 ## - PHYSICAL DESCRIPTION
Extent xiv, 663 pages :
Other physical details colour illustrations ;
Dimensions 28 cm.
520 ## - SUMMARY, ETC.
Summary, etc. Extensive research through lesson observations, teacher interviews and work with our research community (the Cambridge Panel) means that this coursebook with digital access meets the real teaching needs of the chemistry classroom. Exam-style questions ensure students feel confident approaching assessment. New features provide reflection opportunities and self-evaluation checklists develop responsible learners. The coursebook provides a range of enquiry questions, such as practical activities, group work and debate questions that develop 21st century skills. It supports English as a second language learners with key command terms, accessible language and glossary definitions
650 ## - SUBJECT ADDED ENTRY--TOPICAL TERM
Topical term or geographic name entry element Advanced supplementary examinations
650 ## - SUBJECT ADDED ENTRY--TOPICAL TERM
Topical term or geographic name entry element Chemistry Examinations Study guides
650 ## - SUBJECT ADDED ENTRY--TOPICAL TERM
Topical term or geographic name entry element Chemistry problems
Form subdivision exercises
700 ## - ADDED ENTRY--PERSONAL NAME
Personal name Norris, Roger,
Relator term author.
942 ## - ADDED ENTRY ELEMENTS (KOHA)
Source of classification or shelving scheme
Koha item type Books - Non Ficton
Holdings
Withdrawn status Lost status Source of classification or shelving scheme Damaged status Not for loan Collection code Permanent Location Current Location Shelving location Date acquired Full call number Barcode Date last seen Price effective from Koha item type
          Non-Fiction KH8 Senior School Library KH8 Senior School Library Non Fiction 2024-11-20 540 RYA 3KHSL000102123 2024-11-20 2024-11-20 Books - Non Ficton

Powered By KH8 IT Dept